书目信息 |
| 题名: |
东方美术史
|
|
| 作者: | 徐庆平 主编 | |
| 分册: | ||
| 出版信息: | 北京 首都经济贸易大学出版社 2009 |
|
| 页数: | 338页 | |
| 开本: | 24cm | |
| 丛书名: | ||
| 单 册: | ||
| 中图分类: | J110.9 | |
| 科图分类: | ||
| 主题词: | 美术史--东方国家 , 美术史 | |
| 电子资源: | ||
| ISBN: | 978-7-5638-1605-7 | |
| 000 | 00647nam0 2200229 45 | |
| 001 | 1050748047 | |
| 005 | 20100419093646.71 | |
| 010 | @a978-7-5638-1605-7@dCNY35.00 | |
| 100 | @a20100408d2009 em y0chiy0110 ea | |
| 101 | 0 | @achi |
| 102 | @aCN@b110000 | |
| 105 | @aa z 000yy | |
| 106 | @ar | |
| 200 | 1 | @a东方美术史@ADong Fang Mei Shu Shi@f徐庆平主编@FXu Qing Ping Zhu Bian |
| 210 | @a北京@c首都经济贸易大学出版社@d2009 | |
| 215 | @a338页@c彩图@d24cm | |
| 606 | 0 | @a美术史@x东方国家 |
| 606 | 0 | @a美术史 |
| 690 | @aJ110.9@v4 | |
| 701 | 0 | @a徐庆平@AXu Qing Ping@4主编 |
| 801 | 0 | @aCN@bTANGWEI@c20100419 |
| 905 | @b0590164-67@dJ110.9@e104@f4 | |
| 东方美术史/徐庆平主编.-北京:首都经济贸易大学出版社,2009 |
| 338页:彩图;24cm |
| ISBN 978-7-5638-1605-7:CNY35.00 |
| ● |
| 相关链接 |
|
|
|
|
正题名:东方美术史
索取号:J110.9/104
 
预约/预借
| 序号 | 登录号 | 条形码 | 馆藏地/架位号 | 状态 | 备注 |
| 1 | 0590164 | 205901648 | 第一样本阅览室/ [索取号:J110.9/104] | 在馆 | |
| 2 | 0590165 | 205901657 | 第一借阅区/ [索取号:J110.9/104] | 在馆 | |
| 3 | 0590166 | 205901666 | 第一借阅区/ [索取号:J110.9/104] | 在馆 | |
| 4 | 0590167 | 205901675 | 第一借阅区/ [索取号:J110.9/104] | 在馆 |